Doctrina Pontificia.
Spremljeno u:
| Glavni autor: | |
|---|---|
| Daljnji autori: | , , , |
| Format: | Knjiga |
| Jezik: | španjolski |
| Izdano: |
Madrid, España:
Biblioteca de Autores Cristianos,
1958 - 1959.
|
| Serija: | Biblioteca de Autores Cristianos, 174,178.
|
| Teme: | |
| Oznake: |
Dodaj oznaku
Bez oznaka, Budi prvi tko označuje ovaj zapis!
|
MARC
| LEADER | 00000cam a2200000 a 4500 | ||
|---|---|---|---|
| 001 | UCL2232 | ||
| 003 | CL-VaPUC | ||
| 005 | 20250103100358.0 | ||
| 008 | 031017e19640000SP |||||||||||||||||spa|d | ||
| 999 | |c 305584 |d 305582 | ||
| 040 | |c Pontificia Universidad Católica de Valparaíso | ||
| 082 | 0 | 4 | |a 262.91 ROD 1958 (v.II) |2 21 |
| 082 | 0 | 4 | |a 262.91 ROD 1959 (v.III) |2 21 |
| 100 | 0 | |a Rodríguez, Federico |e autor |9 479278 | |
| 245 | 1 | 0 | |a Doctrina Pontificia. |
| 260 | |a Madrid, España: |b Biblioteca de Autores Cristianos, |c 1958 - 1959. | ||
| 300 | |a 5 Volúmenes. | ||
| 490 | 0 | |a Biblioteca de Autores Cristianos, 174,178. | |
| 500 | |a c.1 Volumen II: Donación Familia Prof. Alejandro Guzmán Brito. c.1 Volumen III: Donación Familia Prof. Alejandro Guzmán Brito. c.2 Volumen III: Donación Sr. Jorge Precht Pizarro. 26-05-23. Biblioteca Teología. | ||
| 505 | |a v.II: Documentos Políticos. v.III: Documentos Sociales. | ||
| 583 | |a last modification |c 20160526 03:37:22 |k Rodrigo Vera | ||
| 650 | 0 | |a Iglesia Católica |x Encíclicas papales |9 256114 | |
| 650 | 0 | |a Documentos pontificios |9 255642 | |
| 700 | |a Gutiérrez García, José Luis |9 522359 |e edición |e v.II | ||
| 700 | |a Artajo, Alberto Martín |e estudio introductorio |e sumario de tesis |e v.II |9 865846 | ||
| 700 | |a Agudo, Venancio Luis |e colaboración en el sumario de tesis |e v.II |9 865847 | ||
| 700 | |a Rodríguez, Federico |9 479278 |e edición |e v.III | ||
| 700 | |a Núñez, Carlos Humberto |e traducción de los textos latinos e italianos |e v.III |9 865848 | ||
| 942 | |c BK |2 ddc |n 0 | ||
| 945 | |d 20031017 00:00:00 |a vberengu | ||
| 952 | |0 0 |1 0 |2 ddc |4 0 |6 262_910000000000000_ROD_1959 |7 0 |8 A |9 591709 |a BIBTEO |b BIBTEO |d 2023-09-27 |e Donación |h v.III |i 5658751 |o 262.91 ROD 1959 |p 5658751 |r 2025-01-17 |t 2 |w 2023-09-27 |y BK |k ICR | ||